000 00358nam a2200133 a 4500
001 4041
005 20140414131900.0
008 081121s19uu xx 00 eng d
050 _aFIC
_bK25 2006
100 _aKeene, Carolyn
245 _aNancy Drew and the clue crew #1 :
_bSleepover Sleuths.
260 _aNew York :
_bScholastic ,
_c2006.
999 _c110628
_d110628